ბათუმის შოთა რუსთაველის სახელმწიფო უნივერსიტეტის ბიბლიოთეკა

რუსთველოლოგიური თხრობანი / (ბიბ.ჩანაწერი № 58919)

000 -ლიდერი
ფიქსირებული სიგრძის საკონტროლო ველი 01442nam a22002537a 4500
003 - საკონტროლო ნომრის იდენტიფიკატორი
საკონტროლო ველი Ge_BSU
005 - ბოლო ოპერაციის თარიღი და დრო
საკონტროლო ველი 20221019115335.0
008 - ფიქსირებული სიგრძის მონაცემთა ელემენტები - ზოგადი ინფორმაცია
ფიქსირებული სიგრძის საკონტროლო ველი 221019s2020 ge ||||| |||| 00| 0 geo d
020 ## - წიგნის საერთაშორისო სტანდარტული ნომერი
International Standard Book Number 9789941828591
041 ## - ენის კოდი
Language code of text/sound track or separate title geo
080 ## - უნივერსალური ათობითი კლასიფიკაციის ინდექსი
Universal Decimal Classification number 821.353.1(092 რუსთაველი, შოთა) მ-65
100 ## - მთავარი ჩანაწერი - პიროვნების სახელი
Personal name მთვარელიძე, მურად,
9 (RLIN) 14712
245 ## - ცნობა სათაურის შესახებ
Title რუსთველოლოგიური თხრობანი /
Statement of responsibility, etc მურად მთვარელიძე ; რედაქტორი მაყვალა დავითაძე ; ყდის დიზაინერი მინდია მთვარელიძე.
264 ## - წარმოების, გამოცემის, დისტრიბუციის და სხვა ცნობები
გამოცემის, წარმოების, დისტრიბუციის... ადგილი გორი :
გამოცემის, წარმოების, დისტრიბუციის... სახელწოდება გორის სახელმწ. უნივერსიტეტი,
გამოცემის, წარმოების, დისტრიბუციის... თარიღი 2020.
300 ## - ფიზიკური აღწერა
Extent 512 გვ. ;
Other physical details 20 სმ.
501 ## - შენიშვნა თანმხლებ მასალაზე
With note ტერმინთა განმარტებები: გვ. 469-481.
504 ## - BIBLIOGRAPHY, ETC. NOTE
Bibliography, etc ბიბლიოგრაფია: გვ. 482-511.
520 ## - SUMMARY, ETC.
Summary, etc რეზიუმე ინგლ. ენაზე.
653 ## - INDEX TERM--UNCONTROLLED
Uncontrolled term რუსთაველი, შოთა
653 ## - INDEX TERM--UNCONTROLLED
Uncontrolled term ქართული ეპიკური პოემა
700 ## - ADDED ENTRY--PERSONAL NAME
Personal name დავითაძე, მაყვალა.
Relator term რედაქტორი.
9 (RLIN) 15357
700 ## - ADDED ENTRY--PERSONAL NAME
Personal name მთვარელიძე, მინდია
Relator term ყდის დიზაინერი.
9 (RLIN) 15238
942 ## - ADDED ENTRY ELEMENTS (KOHA)
Source of classification or shelving scheme
Koha item type წიგნი
ეგზემპლარები
ჩამოწერის სტატუსი დაკარგული ეგზემპლარის სტატუსი კლასიფიკაციის წყარო ან თაროზე გაწყობის სქემა დაზიანების სტატუსი არ გაიცემა მუდმივი მდებარეობა (დაცვის ადგილი) ამჟამინდელი ადგილსამყოფელი თაროზე განთავსების ადგილი შეძენის თარიღი ღირებულება, შესყიდვის ნორმალური ფასი სრული შენახვის შიფრი შტრიხკოდი ბოლო ოპერაციის თარიღი ეგზემპლარის მიმდევრობითი ნომერი (კეტერი?) ფასის ძალაში შესვლის თარიღი ეგზემპლარის სახეობა საჯარო შენიშვნა
          ბათუმის შოთა რუსთაველის სახელმწიფო უნივერსიტეტის მთავარი ბიბლიოთეკა ბათუმის შოთა რუსთაველის სახელმწიფო უნივერსიტეტის მთავარი ბიბლიოთეკა წიგნსაცავი 2022-10-19 15.00 821.353.1(092 რუსთაველი, შოთა) მ-65 63096 2022-10-19 63096 2022-10-19 წიგნი 15 ლ.